| 000 | 01569nam0a2200373 4500 | ||
|---|---|---|---|
| 001 | RU\NLR\bibl\396835 | ||
| 005 | 20250622162447.0 | ||
| 010 |
_a5-7367-0356-4 _91000 |
||
| 021 |
_aRU _b2002-68971 _93339 |
||
| 035 | _a(NLR Aleph) 000391059 | ||
| 090 |
_a515864 _c515864 |
||
| 100 | _a20030421d2002 |||y0rusy50 ca | ||
| 101 | 0 | _arus | |
| 102 | _aRU | ||
| 105 | _ay ||||||||| | ||
| 200 | 1 |
_aРыбоводно-биологическая оценка продуктивных качеств племенных рыб _e(На примере карпа) _fА. К. Богерук, Н. И. Маслова _gМ-во сел. хоз-ва Рос. Федерации, Федер. гос. унитар. предприятие "Федер. селекц.-генет. центр рыбоводства" |
|
| 210 |
_aМ. _cРосинформагротех _d2002 |
||
| 215 |
_a185,[1] с. _d20 |
||
| 320 | _aБиблиогр.: с. 153-165 | ||
| 606 | 0 |
_aКарп _xПлеменное разведение _91272718 _3RU\NLR\auth\66523997 |
|
| 610 | 0 | _aКарп - Племенная работа | |
| 610 | 0 | _aКарп - Продуктивность | |
| 675 |
_a639.371.5.03 _v3 _zrus |
||
| 686 |
_a69 _2rugasnti |
||
| 686 |
_a47.2 _2rubbk |
||
| 686 | _aП729.11-3 | ||
| 700 | 1 |
_aБогерук _bА. К. _gАндрей Кузьмич _4070 |
|
| 701 | 1 |
_aМаслова _bН. И. _gНеонила Ивановна _4070 |
|
| 801 | 0 |
_aRU _bRKP _c20030421 _gPSBO |
|
| 801 | 1 |
_aRU _bRKP _c20030421 |
|
| 801 | 2 |
_aRU _bNLR _c20030604 _grcr |
|
| 942 | _cBOOK | ||
| 980 | _aNB | ||